Автоматизированная система управления аппаратами водяной очистки поверхностей нагрева котла теплоэлектростанции; Промышленные контроллеры АСУ; № 2

Bibliografiske detaljer
Parent link:Промышленные контроллеры АСУ: ежемесячный научно-технический производственный журнал.— , 2002-
№ 2.— 2002.— С. 28-30
Sprog:russisk
Udgivet: 2002
Serier:Новости системостроения
Fag:
Format: MixedMaterials Book Chapter
KOHA link:https://koha.lib.tpu.ru/cgi-bin/koha/opac-detail.pl?biblionumber=382568

MARC

LEADER 00000naa2a2200000 4500
001 382568
005 20231101063006.0
035 |a (RuTPU)RU\TPU\prd\6741 
090 |a 382568 
100 |a 20020925a2002 k y0rusy50 ca 
101 0 |a rus 
102 |a RU 
200 1 |a Автоматизированная система управления аппаратами водяной очистки поверхностей нагрева котла теплоэлектростанции 
225 1 |a Новости системостроения 
461 1 |0 (RuTPU)RU\TPU\prd\2287  |t Промышленные контроллеры АСУ  |o ежемесячный научно-технический производственный журнал  |d 2002- 
463 1 |0 (RuTPU)RU\TPU\prd\2452  |t № 2  |v С. 28-30  |d 2002 
610 1 |a теплоэлектростанции 
610 1 |a котлы 
610 1 |a системы управления 
610 1 |a автоматизация 
610 1 |a управляющие контроллеры 
801 1 |a RU  |b 63413507  |c 20020925  |g PSBO 
942 |c BK